| 000 | 00474nam a2200169Ia 4500 | ||
|---|---|---|---|
| 003 | SGT | ||
| 020 | _a9780071159975 | ||
| 082 |
_a621.39 _bHAY |
||
| 100 | _aHayes,John P | ||
| 245 | _aComputer architecture and organization | ||
| 250 | _a3rd Ed. | ||
| 260 |
_bTata McGraw Hill Education Private Limited _aNew Delhi _c1998 |
||
| 300 | _a604p. | ||
| 650 | _aCOMPUTER SCIENCE | ||
| 653 | _aCOMPUTING AND COMPUTERS, DESIGN METHODOLOGY,DATA PATH DESIGN | ||
| 942 |
_2ddc _cBK _010 |
||
| 999 |
_c5194 _d5194 |
||